| 000 | 00374 a2200157 4500 | ||
|---|---|---|---|
| 003 | Nust | ||
| 005 | 20230125114855.0 | ||
| 040 | _cNust | ||
| 082 | _a863,REE | ||
| 100 |
_aReed,Douglas _949970 |
||
| 245 |
_aNemesis ? The Story of Otto Strasser / _cDouglas Reed |
||
| 260 |
_aLondon _bJonathan Cap |
||
| 300 | _a350:p | ||
| 650 |
_aOtto Strasser _9107626 |
||
| 942 |
_2ddc _cBK |
||
| 999 |
_c186079 _d186079 |
||